02480cam a22004574i 4500003000900000005001700009008004100026020001500067020001800082035002000100040003300120049000900153082001900162100002800181245007900209264004700288300003700335336002100372337002500393338002300418504004000441504003200481505101400513526001001527526001001537526001001547526001001557526000801567526000801575526000801583526000801591526000801599526000801607526000801615650002201623596000601645942001401651999014801665980005501813952015401868PE-LiUPU20250731172901.0 s txt rb 001 0 eng d a080102966X a9780801029660 a(Sirsi) a165968 aPE-LiUPUbspacPE-LiUPUerda aPRUA04a261.8bY212231 aYan Tan, Siang,eautor.10aCounseling and psychotherapy :ba Christian perspective /cSiang-Yang Tan. 1aGrand Rapids, MI :bBaker Academic,c2011. a494 páginas ;c24 centimetros. atext2rdacontent aunmediated2rdamedia avolume2rdacarrier aBibliografía : páginas 401-472. aIndice : páginas 473-494.04aBasic issues in the practice of counseling and psychotherapy -- Overview of counseling and psychotherapy: theory, research, and practice -- The person of the counselor -- Legal and ethical issues in counseling and psychotherapy -- Major counseling and psychotherapy theories and techniques -- Psychoanalytic therapy -- Adlerian therapy -- Jungian therapy -- Existential therapy -- Person-centered therapy -- Gestalt therapy -- Reality therapy -- Behavior therapy -- Cognitive behavior therapy and rational emotive behavior therapy -- Marital and family therapy -- A christian approach to counseling and psychotherapy -- Christian theology in christian counseling: a biblical perspective on human nature and effective counseling and psychotherapy -- Christian faith in clinical practice: implicit and explicit integration -- The Holy Spirit and christian spirituality in counseling and psychotherapy -- Legal and ethical issues in christian counseling and psychotherapy -- Appendix: is psychotherapy effective? aSEG42 aSEG41 aSEG40 aSEG39 aP94 aP87 aP86 aP85 aP77 aP76 aP3504aEtica crisitiana. a1 2ddccBOOK a261.8 Y21wLCc14705i75538f2021-11-10g5lCCODEBUL1mBULr0sYtBOOKu2017-1-10xTEOLOGIAPP850COMPRAo.STAFF. Colección Teologíad14705 81gALBERTO SANCHEZ Responsable de Automatización r2025-12-02 00:00:00i6l0o261.8 Y21p75538te1w2017-01-10xPGyBKzinventario-2023-12-13102ddc50708GENfP85aBULbBULcGENd2017-01-10eCOMPRA